000 00752nam a2200277Ia 4500
003 OSt
005 20221006150729.0
006 a|||||r|||| 00| 0
007 ta
008 221006b |||||||| |||| 00| 0 eng d
020 _c
_16.50
024 _a19,608
037 _cTextual
040 _aEASL
_cEASL
_beng
041 _2eng
_aeng
082 _aV42.J9, L4
100 _aHALL John W Ed.
_9108163
245 0 _aMedieval Japan
_b Essays in institutional history
260 _aNew Havan
_b Yale University Press
_c1974
300 _a269p.
_ccm.
490 _v RS
650 _aJEL
700 _a MASS Jeffrey P Ed.
_9108127
942 _hV42.J9, L4
_cTEXL
_2CC
999 _c1087694
_d1087694